01084nam a2200241Ia 4500001000600000003000900006008004100015040001300056040001300069041001300082100001600095100002900111245007300140245006700213250001100280260001100291260001500302260004900317300005700366500036700423650002100790650003100811H7167IT-RoPAU130308s9999 xx 000 0 und d aIT-RoPAU cIT-RoPAU aITALIANO aDusi Nicola gCodice Aut. SPICS: 43689 aOmbra del sensibile (L') Fanny e Alexander tra pellicola e scrittura bOpera multiforme di Bergman (L'). Oltre Il Commiato: 1982-2003 a1a ed. aMILANO bIl Castoro c2005 [1° Ed.:2005 - Ed.Ling.Originale:2005] a"13 p. (prefazione: no ; testo: 13 [pagine: 42-64])" aSemiotica dei Testi, Semiotica delle Culture. Tradurre, Adattare, Trasporre. Bergman su Letteratura/Cinema. strategie Enunciative, tra Romanzo e Film. Alexander Alla Finestra, L'Incipit del Film. Il Mondo al di Là del Vetro, Spazio, Luce, Enunciazione. luci e Acque, Ombre e Fantasmi. Conclusioni.Sistema Semisimbolico di Fanny e Alexander, tra Romanzo e Film. aSAGGI SUL CINEMA eCodice materia Spics: 6811